Guns N' Roses - Sweet Child O'Mine Lyrics Quiz - Statistics

General Stats
  • This quiz has been taken 54 times
  • The average score is 24 of 35
Answer Stats
Lyrics % Correct
As the bright {blue} {sky}
94%
{Sweet} {child} of mine
91%
{Sweet} {child} o' mine
91%
{Reminds} {me} of childhood memories
89%
Where {everything} was as fresh
89%
I'd probably {break} {down} and cry
87%
She's got a {smile} {that} it seems to me
87%
She {takes} {me} away to that special place
87%
Now {and} {then} when I see her face
81%
Ooh-ooh, {sweet} {love} of mine
79%
{Sweet} {love} of mine
79%
{Sweet} {love} of mine
79%
And see an ounce of {pain}
77%
I'd hate to {look} {into} those eyes
77%
m-huh, {where} {do} we go now?
74%
Oh, {where} {do} we go now?
74%
{Where} {do} we go? Mm-mm, oh
74%
{Where} {do} we go? (Sweet child)
74%
{Whoa}, oh-oh
72%
{Whoa}, oh-oh
72%
{Whoa}, oh-oh-oh
72%
{Whoa}, oh-oh, yeah
72%
{Whoa}-whoa, oh-oh, oh-oh
72%
And {pray} for the thunder and the rain
68%
She's got eyes of the {bluest} {skies}
68%
To {quietly} {pass} me by
68%
Where as a child I'd {hide}
68%
Her hair reminds me of a {warm}, {safe} place
60%
As if they {thought} of rain
57%
And if I {stared} too long
49%
{Where} {do} we go? {Where} {do} we go now?
23%
{Where} {do} we go? {Where} {do} we go now?
23%
{Whoa}, oh-oh-oh, {sweet} {child} of mine
21%
{Whoa}, oh-oh-oh, {sweet} {child} of mine, ooh yeah
21%
{Whoa}-oh, whoa-oh, {sweet} {love} of mine
19%
No matching quizzes found
Score Distribution
Percent of People with Each Score
Percentile by Number Answered
Your Score History
You have not taken this quiz